[Event "Low Budget XXXIV"]
[Site "Solrod Skole"]
[Date "2010.10.27"]
[Round "3.7"]
[White "Dyremose, Flemming"]
[Black "Larsen, Poul M"]
[Result "1/2-1/2"]
[WhiteElo "1755"]
[BlackElo "1551"]
[PlyCount "93"]
[EventDate "2010.??.??"]
[WhiteTeam "Brøndbyernes Skakklub"]
[BlackTeam "Haslev Skakklub"]

1. d4 Nf6 2. c4 e6 3. Nc3 Bb4 4. a3 Be7 5. Nf3 O-O 6. e4 d6 7. Bd3 Nbd7 8. O-O
a6 9. Qc2 Ne8 10. b4 e5 11. dxe5 Nxe5 12. Nxe5 dxe5 13. c5 c6 14. Rd1 Qc7 15.
Bc4 Bf6 16. Be3 Qe7 17. Na4 Bg5 18. Re1 Bxe3 19. Rxe3 Nc7 20. Nb6 Rb8 21. Nxc8
Rbxc8 22. Rd1 Rcd8 23. Red3 Nb5 24. Bxb5 axb5 25. Qd2 Rxd3 26. Qxd3 h6 27. Qd7
Qxd7 28. Rxd7 Ra8 29. Rd3 Kf8 30. h4 Ke7 31. g4 Rd8 32. Rxd8 Kxd8 33. Kg2 Kd7
34. Kg3 Ke6 35. f4 exf4+ 36. Kxf4 g6 37. Ke3 Ke5 38. Kf3 f6 39. Ke3 f5 40. exf5
gxf5 41. gxf5 Kxf5 42. Kf3 h5 43. Ke3 Kg4 44. Ke4 Kxh4 45. Kf4 Kh3 46. Kf3 Kh2
47. Kf2 1/2-1/2

[Event "Low Budget XXXIV"]
[Site "Solrod Skole"]
[Date "2010.10.27"]
[Round "3.8"]
[White "Kirkebække, Mark"]
[Black "Dyremose, Morten Sigvart"]
[Result "1-0"]
[WhiteElo "1536"]
[BlackElo "1191"]
[PlyCount "133"]
[EventDate "2010.??.??"]
[WhiteTeam "Tåstrup Skakforening"]
[BlackTeam "Brøndbyernes Skakklub"]

1. e4 c5 2. Nc3 Nc6 3. g3 d6 4. Bg2 e6 5. f4 Be7 6. Nf3 Nf6 7. O-O O-O 8. a3 b6
9. e5 dxe5 10. Nxe5 Bd7 11. Nxc6 Bxc6 12. Bxc6 Rc8 13. Bg2 Qd7 14. d3 Nd5 15.
Nxd5 exd5 16. c3 Rcd8 17. Re1 Bf6 18. Bd2 Rfe8 19. Qc2 Rxe1+ 20. Rxe1 Re8 21.
Rxe8+ Qxe8 22. Kf2 d4 23. c4 Qd7 24. b4 Qe7 25. Qb3 g6 26. bxc5 Qxc5 27. Qb4
Qc7 28. a4 Be7 29. Qb5 Bc5 30. Qc6 Qb8 31. Qa8 Qxa8 32. Bxa8 f5 33. h3 Kg7 34.
Ke1 h6 35. h4 Be7 36. Kd1 a5 37. Kc2 Kf7 38. Bd5+ Kf8 39. Kb3 Ke8 40. Bc1 h5
41. Ba3 Bc5 42. Kb2 Kf8 43. Kb3 Kg7 44. Bb2 Kf8 45. Kc2 Kg7 46. Kd2 Kf6 47. Ke2
Kg7 48. Kf3 Kf6 49. Be4 Ke6 50. Ba1 Kf6 51. Ke2 Ke6 52. Kf2 Kf6 53. Kg2 Ke6 54.
Kh3 Kf6 55. Bf3 Ke6 56. g4 fxg4+ 57. Bxg4+ hxg4+ 58. Kxg4 Kf6 59. Bb2 Ke6 60.
Kg5 Kf7 61. f5 gxf5 62. Kxf5 Kg7 63. Ke5 Kh6 64. Bxd4 Bxd4+ 65. Kxd4 Kh5 66.
Kd5 Kxh4 67. Kc6 1-0

[Event "Low Budget XXXIV"]
[Site "Solrod Skole"]
[Date "2010.11.03"]
[Round "4.1"]
[White "Krogh, Peter Ove"]
[Black "Christensen, Verner"]
[Result "0-1"]
[WhiteElo "1922"]
[BlackElo "1968"]
[PlyCount "128"]
[EventDate "2010.??.??"]
[WhiteTeam "Køge Skakklub"]
[BlackTeam "Solrød Skakklub"]

1. c4 e6 2. Nc3 f5 3. g3 d5 4. e3 Nf6 5. Bg2 c6 6. b3 Bd6 7. d4 O-O 8. Nge2 Ne4
9. O-O Nd7 10. a4 Qe7 11. f4 Ndf6 12. Nb1 Ng4 13. h3 Nh6 14. Ba3 Bxa3 15. Nxa3
Kh8 16. Nb1 Rg8 17. Nd2 g5 18. Nxe4 fxe4 19. g4 Bd7 20. Ng3 Raf8 21. cxd5 exd5
22. f5 Be8 23. Qe1 Rf6 24. b4 a6 25. Rb1 Rg7 26. Rf2 Ng8 27. Bf1 Rh6 28. Rh2
Nf6 29. Be2 Qd6 30. Qf2 Rh4 31. Kg2 h5 32. b5 cxb5 33. axb5 axb5 34. Rbh1 Rh7
35. gxh5 Bxh5 36. Nxh5 Nxh5 37. Bxh5 R4xh5 38. Qg3 Qxg3+ 39. Kxg3 Rh4 40. Rc1
g4 41. Rc8+ Kg7 42. Rc7+ Kf6 43. Rxh7 Rxh7 44. Kxg4 Rg7+ 45. Kh4 Kxf5 46. Rb2
Rh7+ 47. Kg3 Rg7+ 48. Kf2 Ke6 49. Rxb5 Rf7+ 50. Ke2 Kd6 51. Rb6+ Kc7 52. Rg6
Rh7 53. Rg5 Kc6 54. Rg3 Kb5 55. Kd2 Kb4 56. Rg5 Kc4 57. Rg3 Kb3 58. Rg5 Kc4 59.
Rg3 b5 60. Kc2 Rf7 61. Kd1 Kd3 62. Kc1 Rf3 63. Rg5 Kc4 64. h4 Rxe3 0-1

[Event "Low Budget XXXIV"]
[Site "Solrod Skole"]
[Date "2010.11.03"]
[Round "4.2"]
[White "Kristensen, Benny"]
[Black "Keinicke, Mads"]
[Result "1-0"]
[WhiteElo "1596"]
[BlackElo "1739"]
[PlyCount "93"]
[EventDate "2010.??.??"]
[WhiteTeam "Skovbo Skakklub"]
[BlackTeam "Arb. Skakf. Af 04"]

1. e4 e6 2. d4 d5 3. e5 c5 4. c3 Nc6 5. Nf3 Qb6 6. Bd3 cxd4 7. cxd4 Bd7 8. O-O
Nxd4 9. Nxd4 Qxd4 10. Nc3 a6 11. Qe2 Ne7 12. Rd1 Qb6 13. a3 Nc6 14. b4 Be7 15.
Bb2 O-O 16. Rac1 f6 17. Na4 Qd8 18. exf6 Bxf6 19. Bxf6 Qxf6 20. Nc5 Bc8 21. Qe3
Ne5 22. Be2 Qf4 23. Qxf4 Rxf4 24. g3 Rf6 25. Re1 Nd7 26. Nb3 Ne5 27. f4 Nc6 28.
Bg4 Kf7 29. Nc5 Nd4 30. Nxb7 Bxb7 31. Rc7+ Kg6 32. Rxb7 h5 33. Bd1 Rf7 34.
Bxh5+ Kxh5 35. Rxf7 Nf3+ 36. Kf2 Nxe1 37. Kxe1 Kg6 38. Rc7 Kf6 39. Kd2 g6 40.
Kd3 Rh8 41. h4 Ra8 42. Kd4 a5 43. b5 a4 44. b6 Rb8 45. b7 Kf5 46. Kc5 Ke4 47.
Kb6 1-0

[Event "Low Budget XXXIV"]
[Site "Solrod Skole"]
[Date "2010.11.03"]
[Round "4.3"]
[White "Orup, Kim Amdi"]
[Black "Forsmann, Henning"]
[Result "1/2-1/2"]
[WhiteElo "1497"]
[BlackElo "1764"]
[PlyCount "76"]
[EventDate "2010.??.??"]
[WhiteTeam "Køge Skakklub"]
[BlackTeam "Solrød Skakklub"]

1. e4 c5 2. f4 e6 3. Nf3 d5 4. e5 Nc6 5. Bb5 Bd7 6. c3 Nxe5 7. fxe5 Bxb5 8. d4
cxd4 9. cxd4 Bb4+ 10. Bd2 Bxd2+ 11. Nbxd2 Ne7 12. a4 Bd7 13. O-O O-O 14. b4 Nc6
15. b5 Na5 16. Rc1 Qb6 17. Nb3 Nxb3 18. Qxb3 Rfc8 19. Qd3 h6 20. g4 Qd8 21. Rc5
a6 22. Rfc1 axb5 23. Rxc8 Rxc8 24. Rxc8 Qxc8 25. axb5 Qc1+ 26. Kf2 Qb2+ 27. Kg3
Bxb5 28. Qe3 Qc2 29. Qa3 Ba6 30. Qe7 Qg6 31. Nh4 Qd3+ 32. Nf3 Qb5 33. g5 hxg5
34. Qd8+ Kh7 35. Nxg5+ Kg6 36. Nf3 Qd3 37. Qg5+ Kh7 38. Qh4+ Kg8 1/2-1/2

[Event "Low Budget XXXIV"]
[Site "Solrod Skole"]
[Date "2010.11.03"]
[Round "4.4"]
[White "Grum-Schwensen, Jens"]
[Black "Krag-Jacobsen, Alan"]
[Result "0-1"]
[WhiteElo "1282"]
[BlackElo "1482"]
[PlyCount "108"]
[EventDate "2010.??.??"]
[WhiteTeam "Brøndbyernes Skakklub"]
[BlackTeam "Solrød Skakklub"]

1. e4 e5 2. Nf3 Nc6 3. Bb5 a6 4. Bc4 Nf6 5. Nc3 Bc5 6. O-O d6 7. a3 Bg4 8. Be2
Bxf3 9. Bxf3 Qd7 10. d3 h6 11. Be3 Bd4 12. Rb1 O-O-O 13. Nd5 Kb8 14. c3 Bxe3
15. Nxe3 g5 16. Nd5 Nxd5 17. exd5 Ne7 18. Re1 f5 19. Bh5 Nxd5 20. Be2 Nf4 21.
f3 Nd5 22. Bf1 f4 23. Qb3 Ne3 24. d4 Qc6 25. dxe5 dxe5 26. c4 Rd2 27. Qc3 Rhd8
28. Qxe5 Rc2 29. Rbc1 Rcd2 30. b3 Re8 31. Qc3 Red8 32. b4 R8d7 33. Rxe3 fxe3
34. Qxe3 Rd1 35. Rxd1 Rxd1 36. Kf2 Qd6 37. g3 Qd2+ 38. Qe2 Qd4+ 39. Qe3 Qxe3+
40. Kxe3 Rxf1 41. f4 gxf4+ 42. gxf4 Kc8 43. Ke4 Kd7 44. Kf5 Ke7 45. a4 c6 46.
b5 axb5 47. axb5 cxb5 48. cxb5 Rb1 49. Kg6 Rh1 50. f5 Rxh2 51. Kg7 Rg2+ 52.
Kxh6 Kf6 53. Kh5 Kxf5 54. Kh4 Rb2 0-1

[Event "Low Budget XXXIV"]
[Site "Solrod Skole"]
[Date "2010.11.03"]
[Round "4.5"]
[White "Thomsen, Heinrich Kirch"]
[Black "Kirkebække, Mark"]
[Result "0-1"]
[WhiteElo "1322"]
[BlackElo "1536"]
[PlyCount "58"]
[EventDate "2010.??.??"]
[WhiteTeam "Solrød Skakklub"]
[BlackTeam "Tåstrup Skakforening"]

1. e4 e6 2. d4 d5 3. Nc3 Nf6 4. e5 Nfd7 5. f4 c5 6. Nf3 Nc6 7. Be3 Qb6 8. Na4
Qa5+ 9. c3 b5 10. Nxc5 Nxc5 11. dxc5 b4 12. Nd4 Qxc5 13. Bb5 Bd7 14. Qa4 Rc8
15. Nf5 d4 16. Nxd4 Qd5 17. O-O Rc7 18. Rad1 Qe4 19. Rfe1 Bc5 20. Bf2 Qxf4 21.
Bg3 Qg5 22. cxb4 Bxd4+ 23. Kh1 Bb6 24. Rxd7 Kxd7 25. Rd1+ Ke7 26. Bxc6 Rd8 27.
Rxd8 Kxd8 28. Qd1+ Kc8 29. Bf3 Rc1 0-1

[Event "Low Budget XXXIV"]
[Site "Solrod Skole"]
[Date "2010.11.03"]
[Round "4.6"]
[White "Larsen, Poul M"]
[Black "Jørgensen, Leif"]
[Result "1-0"]
[WhiteElo "1551"]
[BlackElo "1704"]
[PlyCount "87"]
[EventDate "2010.??.??"]
[WhiteTeam "Haslev Skakklub"]
[BlackTeam "Solrød Skakklub"]

1. Nf3 Nf6 2. c4 Nc6 3. d4 d5 4. cxd5 Nxd5 5. e4 Nf6 6. Nc3 Bg4 7. Be3 Bxf3 8.
gxf3 e5 9. d5 Ne7 10. Qa4+ c6 11. dxc6 Nxc6 12. Bb5 Qc7 13. Nd5 Qd6 14. Rd1 Rd8
15. Ke2 Be7 16. Nxe7 Qxe7 17. Rxd8+ Kxd8 18. Bxc6 bxc6 19. Qxc6 Qc7 20. Qxc7+
Kxc7 21. Rg1 g6 22. Rc1+ Kb7 23. b4 a6 24. Rd1 Rc8 25. Bc5 Ne8 26. Rd7+ Rc7 27.
Rxc7+ Kxc7 28. Kd3 Kc6 29. Kc4 f5 30. a4 fxe4 31. fxe4 Nf6 32. b5+ Kb7 33. f3
h5 34. Bd6 Nd7 35. bxa6+ Kxa6 36. Kd5 Nb6+ 37. Kxe5 Nxa4 38. Kf6 Nb6 39. Kxg6
Nc4 40. e5 Kb7 41. Kxh5 Kc6 42. f4 Kd7 43. f5 Ke8 44. Kg6 1-0

[Event "Low Budget XXXIV"]
[Site "Solrod Skole"]
[Date "2010.11.03"]
[Round "4.7"]
[White "Christensen, Robert"]
[Black "Dyremose, Flemming"]
[Result "0-1"]
[WhiteElo "1104"]
[BlackElo "1755"]
[PlyCount "114"]
[EventDate "2010.??.??"]
[WhiteTeam "Hvidovre Skakklub"]
[BlackTeam "Brøndbyernes Skakklub"]

1. Nf3 c5 2. c4 Nc6 3. g3 Nf6 4. Bg2 d5 5. cxd5 Nxd5 6. e4 Ndb4 7. O-O Bg4 8.
a3 Nd3 9. Nc3 a6 10. Qc2 e6 11. Ne1 Nde5 12. d3 Nd4 13. Qb1 Ne2+ 14. Kh1 Nxc3
15. bxc3 Be2 16. Rg1 Ng4 17. Be3 Nxe3 18. fxe3 b5 19. Qc2 Bh5 20. c4 Be7 21. e5
Rb8 22. Bc6+ Kf8 23. Qb1 Qb6 24. Bg2 bxc4 25. Qxb6 Rxb6 26. dxc4 Be2 27. Bf1
Bxf1 28. Rxf1 Rb3 29. Rf3 Bg5 30. Nc2 Ke7 31. h4 Bh6 32. g4 f6 33. exf6+ gxf6
34. Raf1 Rf8 35. e4 Rb2 36. R1f2 Bg7 37. Kg2 h6 38. h5 a5 39. Ne1 Rxf2+ 40.
Rxf2 Rd8 41. Nc2 Rd3 42. Rf3 Rd2+ 43. Rf2 Rd1 44. Rf1 Rxf1 45. Kxf1 Kd6 46. Ke2
Ke5 47. Kf3 f5 48. exf5 exf5 49. Ne3 fxg4+ 50. Kxg4 Ke4 51. Nf5 Bf8 52. Nh4 Kd4
53. Kf5 Kxc4 54. Ke4 Kb3 55. Kd3 c4+ 56. Kd2 c3+ 57. Kc1 Bxa3+ 0-1

[Event "Low Budget XXXIV"]
[Site "Solrod Skole"]
[Date "2010.11.17"]
[Round "5.1"]
[White "Krogh, Peter Ove"]
[Black "Kristensen, Benny"]
[Result "1-0"]
[WhiteElo "1922"]
[BlackElo "1596"]
[PlyCount "57"]
[EventDate "2010.??.??"]
[WhiteTeam "Køge Skakklub"]
[BlackTeam "Skovbo Skakklub"]

1. c4 c5 2. Nc3 Nc6 3. g3 g6 4. Bg2 Bg7 5. d3 Nf6 6. e4 e5 7. Nge2 O-O 8. O-O
d6 9. h3 Be6 10. Rb1 Rb8 11. a3 Qd7 12. Kh2 a6 13. f4 exf4 14. gxf4 Nh5 15. Nd5
Bxd5 16. cxd5 Nd4 17. Be3 Nxe2 18. Qxe2 f5 19. Bf3 fxe4 20. Bxh5 exd3 21. Qg4
Qf7 22. Rg1 gxh5 23. Qf3 Kh8 24. Bd2 Bh6 25. Bc3+ Bg7 26. Bxg7+ Qxg7 27. Rxg7
Kxg7 28. Qxd3 Rxf4 29. Qg3+ 1-0

[Event "Low Budget XXXIV"]
[Site "Solrod Skole"]
[Date "2010.11.17"]
[Round "5.2"]
[White "Forsmann, Henning"]
[Black "Krag-Jacobsen, Alan"]
[Result "1-0"]
[WhiteElo "1764"]
[BlackElo "1482"]
[PlyCount "93"]
[EventDate "2010.??.??"]
[WhiteTeam "Solrød Skakklub"]
[BlackTeam "Solrød Skakklub"]

1. Nf3 c5 2. e4 d6 3. d4 cxd4 4. Nxd4 Nf6 5. Nc3 a6 6. Be2 e5 7. Nb3 Nc6 8. O-O
Be7 9. Be3 b5 10. f4 Bb7 11. Nd5 O-O 12. Bb6 Qd7 13. fxe5 Nxe5 14. Nxf6+ Bxf6
15. Nd2 Qc6 16. Bd4 Nd7 17. c3 Bg5 18. Qe1 Bxd2 19. Qxd2 f6 20. Rae1 Ne5 21.
Bd1 Rfe8 22. Rf4 Rad8 23. Bc2 Bc8 24. Qf2 Re7 25. Qg3 Rf8 26. h4 Ng6 27. Rff1
Be6 28. h5 Ne5 29. h6 g6 30. Rf4 g5 31. Ref1 Ref7 32. R4f2 Kh8 33. Rd1 Ng4 34.
Rfd2 Nxh6 35. Be3 Rd7 36. Rxd6 Rxd6 37. Rxd6 Qc8 38. Bd4 Ng8 39. Qxg5 Rf7 40.
Qh4 h6 41. e5 f5 42. Rd8 Qb7 43. Qxh6+ Rh7 44. Qxe6 Rg7 45. Qh6+ Rh7 46. Qd2
Qe7 47. e6+ 1-0

[Event "Low Budget XXXIV"]
[Site "Solrod Skole"]
[Date "2010.11.17"]
[Round "5.3"]
[White "Kirkebække, Mark"]
[Black "Orup, Kim Amdi"]
[Result "1/2-1/2"]
[WhiteElo "1536"]
[BlackElo "1497"]
[PlyCount "90"]
[EventDate "2010.??.??"]
[WhiteTeam "Tåstrup Skakforening"]
[BlackTeam "Køge Skakklub"]

1. e4 e5 2. Bc4 Nf6 3. d4 Nc6 4. Nf3 exd4 5. Nxd4 Ne5 6. Bb3 d6 7. Nc3 Be7 8.
O-O O-O 9. f4 Bg4 10. Qe1 Nc6 11. Nxc6 bxc6 12. h3 Bd7 13. Be3 Ne8 14. Rb1 Bh4
15. Qd2 a5 16. Rfd1 Qc8 17. e5 Bxh3 18. gxh3 Qxh3 19. Bf2 Qg4+ 20. Kh2 Qh5 21.
Bxh4 Qxh4+ 22. Kg2 Qg4+ 23. Kf2 dxe5 24. Qe3 exf4 25. Qf3 Qh4+ 26. Kf1 Qg3 27.
Qxg3 fxg3 28. Rd3 Nd6 29. Rxg3 g6 30. Re1 Nf5 31. Rd3 Rad8 32. Red1 Nd6 33. Ba4
f5 34. Bxc6 Rb8 35. b3 Rb6 36. Nd5 Ra6 37. Ba4 Ra7 38. c4 f4 39. Nxc7 Nxc4 40.
Nb5 Ne3+ 41. Kg1 Re7 42. Rd7 Rxd7 43. Rxd7 f3 44. Kf2 Ng4+ 45. Kf1 Ne3+ 1/2-1/2

[Event "Low Budget XXXIV"]
[Site "Solrod Skole"]
[Date "2010.11.17"]
[Round "5.4"]
[White "Dyremose, Flemming"]
[Black "Thomsen, Heinrich Kirch"]
[Result "1-0"]
[WhiteElo "1755"]
[BlackElo "1322"]
[PlyCount "105"]
[EventDate "2010.??.??"]
[WhiteTeam "Brøndbyernes Skakklub"]
[BlackTeam "Solrød Skakklub"]

1. d4 Nf6 2. c4 g6 3. Nc3 Bg7 4. Nf3 O-O 5. e4 d6 6. Qc2 c5 7. dxc5 dxc5 8. Be3
b6 9. Rd1 Qc7 10. Be2 Bb7 11. O-O Ng4 12. Nb5 Nxe3 13. fxe3 Qc6 14. Rd5 Nd7 15.
Qd2 Nf6 16. Ne5 Qc8 17. Nd7 Nxe4 18. Qd3 Rd8 19. Qxe4 e6 20. Nxb6 exd5 21. Nxd5
Qd7 22. Rd1 Re8 23. Qd3 Bxd5 24. cxd5 Rab8 25. b3 Re7 26. e4 Rbe8 27. Bf3 a6
28. Na3 Qd6 29. Nc4 Bd4+ 30. Qxd4 Qxh2+ 31. Kxh2 cxd4 32. Rxd4 Kg7 33. e5 f6
34. e6 Rd8 35. Rd2 f5 36. Rc2 Kf6 37. Na5 Rd6 38. Rc6 Rxc6 39. Nxc6 Re8 40. Be2
a5 41. Bc4 f4 42. d6 Rxe6 43. Bxe6 Kxe6 44. Nxa5 Kxd6 45. Nc4+ Kc5 46. Ne5 g5
47. Nf7 g4 48. Nh6 g3+ 49. Kh3 Kb4 50. Kg4 f3 51. Kxf3 Ka3 52. Kxg3 Kxa2 53. b4
1-0

[Event "Low Budget XXXIV"]
[Site "Solrod Skole"]
[Date "2010.11.17"]
[Round "5.5"]
[White "Grum-Schwensen, Jens"]
[Black "Larsen, Poul M"]
[Result "0-1"]
[WhiteElo "1282"]
[BlackElo "1551"]
[PlyCount "126"]
[EventDate "2010.??.??"]
[WhiteTeam "Brøndbyernes Skakklub"]
[BlackTeam "Haslev Skakklub"]

1. e4 c6 2. Nc3 d5 3. d4 dxe4 4. Nxe4 Bf5 5. Ng3 Bg6 6. Nf3 e6 7. Ne5 Nf6 8.
Nxg6 hxg6 9. Be2 Nbd7 10. Bf4 Be7 11. Bf3 Nb6 12. c3 Nfd5 13. Bxd5 Nxd5 14. Bd2
Bg5 15. Ne4 Bh6 16. Qf3 Qc7 17. g3 Qe7 18. O-O Bxd2 19. Nxd2 Qf6 20. Kg2 O-O-O
21. Rh1 Qf5 22. Qxf5 gxf5 23. Nf3 f6 24. Rae1 Rde8 25. a3 b5 26. Re2 g5 27.
Rhe1 Kd7 28. Nd2 Kd6 29. c4 Nc7 30. c5+ Kd7 31. Nf3 Rh7 32. Rh1 Nd5 33. Ree1
Rhe7 34. h3 a5 35. Nd2 e5 36. dxe5 fxe5 37. Nf3 g4 38. Nh4 gxh3+ 39. Kxh3 f4
40. Kg2 e4 41. Nf5 Re5 42. Rh7+ Kd8 43. Nd6 Nf6 44. Ra7 R5e7 45. Ra8+ Kd7 46.
Nxe8 Nxe8 47. Rd1+ Ke6 48. Rh1 fxg3 49. fxg3 Kd5 50. b4 axb4 51. axb4 Kc4 52.
Rb1 Nf6 53. Ra2 Nd5 54. Rc2+ Kd4 55. Rd1+ Ke5 56. Rb2 Ne3+ 57. Kg1 Nxd1 58. Rb1
Rd7 59. Kf1 e3 60. Ke1 Nc3 61. Rc1 Rd3 62. g4 Kf4 63. g5 Kxg5 0-1

[Event "Low Budget XXXIV"]
[Site "Solrod Skole"]
[Date "2010.11.17"]
[Round "5.6"]
[White "Dyremose, Morten Sigvart"]
[Black "Sørensen, Aron Frank"]
[Result "0-1"]
[WhiteElo "1191"]
[BlackElo "1501"]
[PlyCount "82"]
[EventDate "2010.??.??"]
[WhiteTeam "Brøndbyernes Skakklub"]
[BlackTeam "Solrød Skakklub"]

1. e4 Nf6 2. d3 e5 3. Nf3 Nc6 4. Bg5 Be7 5. Nc3 O-O 6. Bxf6 Bxf6 7. Nd5 d6 8.
c3 Bg4 9. Be2 Bxf3 10. Nxf6+ Qxf6 11. Bxf3 Nd8 12. Bg4 c5 13. O-O Ne6 14. Qf3
Qxf3 15. Bxf3 Nf4 16. Rad1 Rad8 17. Kh1 b5 18. g3 Ng6 19. a3 Ne7 20. c4 Nc6 21.
Bg2 bxc4 22. dxc4 Na5 23. Rc1 Nb3 24. Rc2 Rb8 25. Rb1 Rb7 26. f4 f6 27. Bh3 Nd4
28. Rf2 Rfb8 29. fxe5 fxe5 30. Bg4 Rb3 31. Kg2 a5 32. h3 Re3 33. Bf3 Rbb3 34.
Bd1 Rxg3+ 35. Kf1 Rxh3 36. Rg2 Rbe3 37. Bg4 Rh1+ 38. Rg1 Rxg1+ 39. Kxg1 Rg3+
40. Kf1 Rxg4 41. Re1 h5 0-1

[Event "Low Budget XXXIV"]
[Site "Solrod Skole"]
[Date "2010.11.17"]
[Round "5.7"]
[White "Jørgensen, Leif"]
[Black "Christensen, Robert"]
[Result "1/2-1/2"]
[WhiteElo "1704"]
[BlackElo "1104"]
[PlyCount "115"]
[EventDate "2010.??.??"]
[WhiteTeam "Solrød Skakklub"]
[BlackTeam "Hvidovre Skakklub"]

1. Nf3 g6 2. g3 Bg7 3. Bg2 d5 4. d4 Nc6 5. Nc3 Nf6 6. O-O Bd7 7. Re1 Qc8 8. e4
dxe4 9. Nxe4 Nxe4 10. Rxe4 Bf5 11. Re2 Bg4 12. c3 Qd7 13. Be3 O-O-O 14. Qa4 a6
15. b4 Qd5 16. Ne5 Bxe2 17. Bxd5 Nxe5 18. dxe5 Rxd5 19. f4 Rhd8 20. Kf2 Bc4 21.
Bd4 Bf8 22. Qc2 e6 23. Qa4 Kb8 24. Qa3 Kc8 25. Bc5 Bxc5+ 26. bxc5 Rd2+ 27. Kg1
c6 28. Qa4 Be2 29. Re1 Bd1 30. Qc4 Bf3 31. a4 Bd5 32. Qb4 Ba2 33. Re4 Rd1+ 34.
Kf2 R8d2+ 35. Re2 Bd5 36. Rxd2 Rxd2+ 37. Ke1 Rxh2 38. Qb6 Rg2 39. Qa7 Rxg3 40.
Qa8+ Kc7 41. Qf8 Rxc3 42. Qxf7+ Kc8 43. a5 Rh3 44. Kd2 Rh5 45. Ke3 Rh3+ 46. Kf2
Rh5 47. Kg3 Rh1 48. Kg4 Rg1+ 49. Kh4 Rg2 50. Kh3 Rg1 51. Kh2 Rh1+ 52. Kg3 Rg1+
53. Kf2 Rh1 54. Qe8+ Kc7 55. Qe7+ Kc8 56. Kg3 Rg1+ 57. Kh4 Rg2 58. Qe8+ 1/2-1/2